| 000 | 01043cam a2200253 i 4500 | ||
|---|---|---|---|
| 003 | SA-RiAUC | ||
| 005 | 20250502141632.0 | ||
| 008 | 250502s1965 ae a g 00010 ara c | ||
| 040 |
_aSA-JeALM _bara _cSA-RiAUC _erda |
||
| 043 | _af-ae--- | ||
| 082 | 0 | 4 | _a965 |
| 090 |
_a965 _b ج ي ل |
||
| 100 | 1 |
_aالجيلالي، عبد الرحمن بن محمد، _d1908-2010 _eمؤلف. |
|
| 245 | 1 | 0 |
_aتاريخ الجزائر العام / _cعبد الرحمن بن محمد الجيلالي. |
| 264 | 1 |
_aالجزائر : _bمكتبة الشركة الجزائرية : _bدار مكتبة الحياة، _c1965 |
|
| 300 |
_aمجلد : _bإيضاحيات ؛ _c25 سم |
||
| 336 |
_aنص _btxt _2rdacontent _3كتاب |
||
| 337 |
_aبدون وسيط _bn _2rdamedia |
||
| 338 |
_aمجلد _bnc _2rdacarrier |
||
| 500 | _aإهداء من المؤلف عبد الرحمن محمد الجيلاني بتاريخ 1973/8/10 مـ | ||
| 651 | 7 |
_aالجزائر _xتاريخ _2aucsh |
|
| 942 |
_2ddc _cBOOK _n0 |
||
| 949 |
_aSA-JeALM _d250502 _umohamedma123 _n1 |
||
| 999 |
_c7508 _d7508 |
||